| 000 | 01756nam a2200349Ia 4500 | ||
|---|---|---|---|
| 001 | CRC0KE12989PDF | ||
| 003 | BD-DhSAU | ||
| 005 | 20151012144306.0 | ||
| 006 | m|||||o||d|||||||| | ||
| 007 | cr|||| | ||
| 008 | 110928s2012 fluad sb 001 0 eng d | ||
| 020 | _a9781439860779 (ebook : PDF) | ||
| 040 |
_aBD-DhSAU _cBD-DhSAU |
||
| 090 |
_aQD415 _b.T5413 2012 |
||
| 092 |
_a547 _bT551 |
||
| 130 | 0 |
_aTian ran chan wu hua xue. _lEnglish. |
|
| 245 | 1 | 0 |
_aIntroduction to natural products chemistry _h[electronic resource] / _cedited by Rensheng Xu, Yang Ye, Weimin Zhao. |
| 260 |
_aBoca Raton, Fla. : _bCRC Press, _c2012. |
||
| 300 |
_axviii, 363 p. : _bill. |
||
| 504 | _aIncludes bibliographical references and index. | ||
| 505 | 0 | _ach. 1. Introduction -- ch. 2. Extraction and isolation of natural products -- ch. 3. Chemistry of fungal products -- ch. 4. Alkaloids -- ch. 5. Sesquiterpenoids -- ch. 6. Diterpenes -- ch. 7. Saponins -- ch. 8. Amino acids and peptides -- ch. 9. Flavonoids -- ch. 10. Anthraquinones -- ch. 11. Coumarins -- ch. 12. Lignans -- ch. 13. Other natural bioactive compounds -- ch. 14. Marine natural products -- ch. 15. Structural modification of active principles from TCM -- ch. 16. Chemical synthesis of natural products. | |
| 530 | _aAlso available in print edition. | ||
| 538 | _aMode of access: World Wide Web. | ||
| 650 | 0 |
_aNatural products _xAnalysis. |
|
| 650 | 0 | _aBiochemistry. | |
| 655 | 7 |
_aElectronic books. _2lcsh |
|
| 700 | 1 | _aXu, Rensheng. | |
| 700 | 1 |
_aYe, Yang, _d1965- |
|
| 700 | 1 |
_aZhao, Weimin, _d1966- |
|
| 776 | 1 | _z9781439860762 | |
| 856 | 4 | 0 |
_uhttp://marc.crcnetbase.com/isbn/9781439860779 _qapplication/PDF |
| 999 |
_c11810 _d11809 |
||